Normal view
MARC view
Entry Término temático
001 - NÚMERO DE CONTROL
- campo de control: 153254
003 - IDENTIFICADOR DEL NÚMERO DE CONTROL
- campo de control: OSt
005 - FECHA Y HORA DE LA ÚLTIMA TRANSACCIÓN
- campo de control: 20220127160354.0
008 - DATOS DE LONGITUD FIJA
- campo de control de longitud fija: 220127|| aca||aabn | a|a d
040 ## - FUENTE DE LA CATALOGACIÓN
- Centro catalogador/agencia de origen: OSt
- Centro/agencia transcriptor: OSt
150 ## - ENCABEZAMIENTO--TÉRMINO DE MATERIA
- Término de materia o nombre geográfico como elemento de entrada: Packaging
- Subdivisión general:
- Subdivisión general: Spain
670 ## - FUENTE DE DATOS ENCONTRADOS
- Cita de la fuente: Work cat.: (OSt)173136: Rodríguez Tarango, José Antonio 153250, Manual de ingeniería y diseño en envase y embalaje : para la industria de los alimentos, farmacéutica, química y de cosméticos /, 1977
